000 00278nam a22001337a 4500
020 _a9780132471312
041 _aENG
100 _a Toro.V.D
245 _aElectrical Engineering Fundamentals
260 _aDelhi
_bPearson
_c2018
300 _a921
650 _aEOES
856 _uEOES
999 _c45
_d45